Cuestiones jurídicas en la sociedad moderna (Record no. 45518)

MARC details
000 -LEADER
fixed length control field 00982nam a22002297a 4500
008 - FIXED-LENGTH DATA ELEMENTS--GENERAL INFORMATION
fixed length control field 131121t mx||||| |||| 00| 0 spa d
020 ## - INTERNATIONAL STANDARD BOOK NUMBER
International Standard Book Number 9786077667032
050 04 - LIBRARY OF CONGRESS CALL NUMBER
Classification number K1700
Item number G37 2009
100 1# - MAIN ENTRY--PERSONAL NAME
Personal name García Ramírez, Sergio.
Dates associated with a name [1938- ]
245 10 - TITLE STATEMENT
Title Cuestiones jurídicas en la sociedad moderna
Statement of responsibility, etc / Sergio García Ramírez
250 ## - EDITION STATEMENT
Edition statement 1a ed.
260 ## - PUBLICATION, DISTRIBUTION, ETC. (IMPRINT)
Place of publication, distribution, etc México :
Name of publisher, distributor, etc Seminario de Cultura Mexicana : Universidad Autónoma de México ; Instituto de Investigaciones Jurídicas,
Date of publication, distribution, etc 2009.
300 ## - PHYSICAL DESCRIPTION
Extent 474 p. :
Dimensions 21 cm.
440 ## - SERIES STATEMENT/ADDED ENTRY--TITLE
Title Cuadernos del Seminario de Cultura Mexicana
504 ## - BIBLIOGRAPHY, ETC. NOTE
Bibliography, etc Incluye índice
650 #7 - SUBJECT ADDED ENTRY--TOPICAL TERM
Source of heading or term LEMB
Topical term or geographic name as entry element Derecho civil
General subdivision Estudio y enseñanza
Geographic subdivision México
650 #7 - SUBJECT ADDED ENTRY--TOPICAL TERM
Source of heading or term LEMB
Topical term or geographic name as entry element Derecho penal
General subdivision Estudio y enseñanza
Geographic subdivision México
650 #7 - SUBJECT ADDED ENTRY--TOPICAL TERM
Source of heading or term LEMB
Topical term or geographic name as entry element Derecho agrario
General subdivision Estudio y enseñanza
Geographic subdivision México
710 2# - ADDED ENTRY--CORPORATE NAME
Corporate name or jurisdiction name as entry element Seminario de Cultura Mexicana
710 2# - ADDED ENTRY--CORPORATE NAME
Corporate name or jurisdiction name as entry element Universidad Autónoma de México,
Subordinate unit Instituto de Investigaciones Jurídicas
942 ## - ADDED ENTRY ELEMENTS (KOHA)
Source of classification or shelving scheme Biblioteca del Cogreso de los Estados Unidos
Koha item type Libro
Holdings
Estado de pérdida Fuente de clasificación Estado del daño No para préstamo Ubicación permanente Ubicación actual Apartado o colección Fecha de adquisición Dependencia de educación superior (DES) Área del conocimiento Clasificación Código de Barras Date last seen Número de copia Tipo de recurso Nota pública
  Biblioteca del Cogreso de los Estados Unidos     Biblioteca del Instituto de Investigaciones Históricas Biblioteca del Instituto de Investigaciones Históricas General 21/11/2013     K1700 G37 2009 IIH000010532 21/11/2013 C:1 Libro GENERAL